000 01421nam0a22002891 4500
001 rc\4626824
005 20260407134941.0
021 _aRU
_b[67-69645]
035 _a(NLR Aleph) 008677202
090 _a9156143
_c9156143
100 _a20130416d1967 |||y0rusy50 ca
101 0 _arus
102 _aRU
105 _aa z |||||
200 1 _aСейсмостойкость крупнопанельных и каменных зданий
_e[Сборник статей]
_fПод ред. д-ра техн. наук проф. С.В. Полякова
_gЦентр. науч.-исслед. ин-т строит. конструкций им. В.А. Кучеренко
210 _aМосква
_cСтройиздат
_d1967
215 _a188 с.
_cил.
_d22
320 _aБиблиогр. в конце статей
606 _aСейсмостойкие здания и сооружения, каменные
_jСборники
_2psbo
606 _aСейсмостойкие здания и сооружения, крупнопанельные
_jСборники
_2psbo
702 1 _aПоляков
_bС.В.
_gСвятослав Васильевич
_4340
712 0 2 _aЦНИИ строительных конструкций им. В. А. Кучеренко
_cМосква
_9503485
_3RU\NLR\AUTH\8810003130
801 0 _aRU
_bNLR
_gpsbo
801 1 _aRU
_bELAR
_2rusmarc
852 _aNLR
_j67-5/3914
942 _cBOOK
980 _aNB